000 00733nam a22002057a 4500
005 20100802125146.0
010 _aENG-97640
020 _a9788184350838
_c695.00
035 _aEN-81173
037 _bDBAD/PUB
082 _a551.6
100 _aGupta, Ishwar Das
_95390
245 _aCauses and pattern of climate change /
_cby Ishwar Das Gupta
260 _aNew Delhi
_bAdhyayan Publishers
_c2008
270 2 _a4378/4 B, 105, JMD House, Murari Lal Street
_bNew Delhi
_e110002
300 _a256p.
_c22cm (Hb)
500 _aIncludes index
942 _2ddc
_cEN
_h551.6
_mGUP
999 _c38622
_d38622